| Поле | Инд. | ПП | Название | Значение |
|---|---|---|---|---|
| Тип записи | a | |||
| Библиографический уровень | m | |||
| 001 | Контрольный номер | 038f8437-e3fc-499a-8ae4-3b06a85868f7 | ||
| 005 | Дата корректировки | 20140227054007.6 | ||
| 008 | Кодируемые данные | 060607s1982 rur a 000u 0rus d | ||
| 020 | c | Цена, тираж | 80 к. | |
| 040 | a | Служба первич. каталог. | RuMoRKP | |
| 040 | a | Служба первич. каталог. | НБ ТвГУ | |
| 041 | a | Код языка текста | rus | |
| 080 | a | Индекс УДК | 502.7(470.322) | |
| 084 | a | Индекс другой классификации/Индекс ББК | Е088.2 | |
| 090 | a | Полочн. индекс | Е088.2 | |
| x | Авторский знак | И88 | ||
| 245 | 10 | a | Заглавие | Исследование растительного и животного мира заповедника "Галичья гора" |
| b | Продолж. заглавия | [сб. ст. | ||
| c | Ответственность | редкол.: К. В. Скуфьин (науч. ред.) и др.] | ||
| 260 | 0_ | a | Место издания | Воронеж |
| b | Издательство | Воронежский государственный университет | ||
| c | Дата издания | 1982 | ||
| 300 | a | Объем | 110 с. | |
| b | Иллюстрации/ тип воспроизводства | ил. | ||
| c | Размеры | 26 см | ||
| 504 | a | Библиография | Библиогр. в конце ст. | |
| 650 | a | Основная рубрика | Заповедники | |
| z | Географическая подрубрика | Липецкая область | ||
| 650 | a | Основная рубрика | Животные | |
| 650 | a | Основная рубрика | Растительность | |
| 653 | a | Ключевые слова | Заповедники | |
| a | Ключевые слова | Природо0хранная деятельность | ||
| a | Ключевые слова | Сборники | ||
| 700 | 1_ | a | Другие авторы | Скуфьин Константин Васильевич |
| e | Роль лиц | ред. | ||
| 852 | t | Порядковый номер экземпляра | 1 | |
| q | Физ. особенности экз. | к | ||
| p | Инвентарный номер | 509204 | ||
| 930 | a | Новая/Ретро | сборники | |
| 954 | a | Дата поступления на обработку | 20090331 | |
| 999 | a | Подразделение 2 | Фил3 |